Normal view
MARC view
- Gregory, John.
Entry Personal Name
001 - CONTROL NUMBER
- control field: 499
003 - CONTROL NUMBER IDENTIFIER
- control field: NUST
005 - DATE AND TIME OF LATEST TRANSACTION
- control field: 20170511133928.0
008 - FIXED-LENGTH DATA ELEMENTS
- fixed length control field: 170511|| aca||aabn | a|a d
040 ## - CATALOGING SOURCE
- Original cataloging agency: NUST
- Transcribing agency: NUST
100 ## - HEADING--PERSONAL NAME
- Personal name: Gregory, John.
- Fuller form of name: (John),
- Dates associated with a name: 1938-
670 ## - SOURCE DATA FOUND
- Source citation: Work cat.: (NUST)0: Gregory, John. (John), 1938-, Particles in water :, 2006.
